AH International Schools' Libraries

The biggest shadow in the zoo / (Record no. 49434)

MARC details
000 -LEADER
fixed length control field 00768nam a2200253 4500
020 ## - INTERNATIONAL STANDARD BOOK NUMBER
International Standard Book Number 0819310476 :
Terms of availability $4.95
020 ## - INTERNATIONAL STANDARD BOOK NUMBER
International Standard Book Number 0819310484 (lib. bdg.) :
Terms of availability $5.95
020 ## - INTERNATIONAL STANDARD BOOK NUMBER
International Standard Book Number 9780819310477
020 ## - INTERNATIONAL STANDARD BOOK NUMBER
International Standard Book Number 9780819310484
035 ## - SYSTEM CONTROL NUMBER
System control number 2772431
040 ## - CATALOGING SOURCE
Original cataloging agency DLC
Transcribing agency DLC
Modifying agency DLC
042 ## - AUTHENTICATION CODE
Authentication code lcac
050 00 - LIBRARY OF CONGRESS CALL NUMBER
Classification number PZ7.K414
Item number Bi
082 00 - DEWEY DECIMAL CLASSIFICATION NUMBER
Classification number [E]
Edition number 19
100 1# - MAIN ENTRY--PERSONAL NAME
Personal name Kent, Jack,
Dates associated with a name 1920-1985.
Relator term author.
9 (RLIN) 86619
245 14 - TITLE STATEMENT
Title The biggest shadow in the zoo /
Statement of responsibility, etc by Jack Kent.
260 ## - PUBLICATION, DISTRIBUTION, ETC. (IMPRINT)
Place of publication, distribution, etc New York :
Name of publisher, distributor, etc Parents Magazine Press,
Date of publication, distribution, etc c1981.
300 ## - PHYSICAL DESCRIPTION
Extent [40] p. :
Other physical details col. ill. ;
Dimensions 22 cm.
520 ## - SUMMARY, ETC.
Summary, etc Goober the elephant is distressed when he loses his shadow.
650 ## - SUBJECT ADDED ENTRY--TOPICAL TERM
Topical term or geographic name as entry element Elephants
General subdivision Fiction.
650 ## - SUBJECT ADDED ENTRY--TOPICAL TERM
Topical term or geographic name as entry element Shadows
General subdivision Fiction.
9 (RLIN) 29762
650 ## - SUBJECT ADDED ENTRY--TOPICAL TERM
Topical term or geographic name as entry element Zoo animals.
9 (RLIN) 18237
942 ## - ADDED ENTRY ELEMENTS (KOHA)
Source of classification or shelving scheme
Koha item type Book
Holdings
Withdrawn status Lost status Source of classification or shelving scheme Damaged status Not for loan Home library Current library Date acquired Total Checkouts Full call number Barcode Checked out Date last seen Date checked out Price effective from Koha item type
          Logos International School Logos International School 08/26/2025 1 E KEN 042923 05/15/2026 04/27/2026 04/27/2026 08/26/2025 Book

For any Logos Library related questions please contact Miss Art at swongnarasuk@asianhope.org.

For any Asian Hope Library related questions please contact Miss Raza at graza@asianhope.org.

Powered by Koha